[Event "CZE-chT2E 2122"]
[Site "Czech Republic"]
[Date "2022.01.16"]
[Round "6.5"]
[White "Bukacek, Lubomir"]
[Black "Hudacek, Josef"]
[Result "1-0"]
[WhiteElo "2099"]
[BlackElo "2072"]
[PlyCount "97"]
[EventDate "2021.10.17"]
[EventType "team-tourn"]
[EventRounds "11"]
[EventCountry "CZE"]
[SourceTitle "EXT 2024"]
[Source "ChessBase"]
[SourceDate "2023.10.10"]
[SourceVersion "1"]
[SourceVersionDate "2023.10.10"]
[SourceQuality "1"]
[WhiteTeam "Jihlava Gambit"]
[BlackTeam "Prusanky Podluzan"]
[WhiteTeamCountry "CZE"]
[BlackTeamCountry "CZE"]

1. c4 Nf6 2. Nc3 g6 3. g3 Bg7 4. Bg2 0-0 5. d4 d6 6. Bg5 Nbd7 7. Qd2 Re8 8. Nf3 c6 9. 0-0 Qc7 10. Rfd1 b6 11. Rac1 Bb7 12. e4 Rad8 13. d5 c5 14. b3 Bc8 15. Re1 a6 16. h3 Qb8 17. a4 Ne5 18. Nh2 Ned7 19. Rcd1 Nf8 20. g4 N6d7 21. f4 f6 22. Bh4 h6 23. Bg3 g5 24. h4 gxf4 25. Bxf4 Ne5 26. Qe2 Nfg6 27. Bg3 Nf7 28. Rf1 Bd7 29. Kh1 Qc8 30. Bf3 Nge5 31. Bxe5 Nxe5 32. Rg1 Rf8 33. Rg2 Rf7 34. Rdg1 Nxf3 35. Nxf3 Rdf8 36. Nd1 b5 37. axb5 axb5 38. Ne3 bxc4 39. bxc4 e6 40. Ne1 Kh7 41. Qf3 Re7 42. Nd3 Rfe8 43. Nf2 Rf8 44. Qg3 Qb8 45. g5 fxg5 46. hxg5 Be5 47. Qh4 Rf4 48. g6+ Kg8 49. Qxe7 1-0

[Event "CZE-chT2E 2122"]
[Site "Czech Republic"]
[Date "2021.12.05"]
[Round "4.5"]
[White "Masak, Pavel"]
[Black "Hudacek, Josef"]
[Result "1-0"]
[WhiteElo "2084"]
[BlackElo "2072"]
[PlyCount "76"]
[EventDate "2021.10.17"]
[EventType "team-tourn"]
[EventRounds "11"]
[EventCountry "CZE"]
[SourceTitle "EXT 2024"]
[Source "ChessBase"]
[SourceDate "2023.10.10"]
[SourceVersion "1"]
[SourceVersionDate "2023.10.10"]
[SourceQuality "1"]
[WhiteTeam "Jundrov Jezdci"]
[BlackTeam "Prusanky Podluzan"]
[WhiteTeamCountry "CZE"]
[BlackTeamCountry "CZE"]

1. c4 Nf6 2. Nc3 g6 3. d4 d5 4. Nf3 Bg7 5. e3 c6 6. Qb3 0-0 7. Be2 e6 8. 0-0 Nbd7 9. Bd2 Nb6 10. Ne5 Ne4 11. Nxe4 dxe4 12. Ba5 Qg5 13. Bb4 Re8 14. c5 Bxe5 15. cxb6 Bb8 16. bxa7 Rxa7 17. Rac1 h5 18. Rc5 Qf6 19. a3 Bd6 20. Rc3 Bb8 21. Rfc1 h4 22. Qc2 Bd7 23. Qxe4 e5 24. d5 cxd5 25. Qxd5 Bc6 26. Qc4 Ra8 27. Qg4 e4 28. R3c2 Be5 29. Bc3 Rad8 30. Bxe5 Rxe5 31. Bf1 Rg5 32. Qe2 Rdd5 33. b4 Bb5 34. Qe1 Rxg2+ 35. Bxg2 Rg5 36. Rc8+ Kh7 37. f4 exf3 38. Qxh4+ Kg7 1-0

[Event "CZE-chT2E 1920"]
[Site "Czech Republic"]
[Date "2020.02.09"]
[Round "8.6"]
[White "Pakosta, Miroslav"]
[Black "Hudacek, Josef"]
[Result "1/2-1/2"]
[WhiteElo "2135"]
[BlackElo "2092"]
[PlyCount "137"]
[EventDate "2019.10.13"]
[EventType "team-tourn"]
[EventRounds "11"]
[EventCountry "CZE"]
[SourceTitle "EXT 2024"]
[Source "ChessBase"]
[SourceDate "2023.10.10"]
[SourceVersion "1"]
[SourceVersionDate "2023.10.10"]
[SourceQuality "1"]
[WhiteTeam "Jundrov Jezdci"]
[BlackTeam "Prusanky Podluzan"]
[WhiteTeamCountry "CZE"]
[BlackTeamCountry "CZE"]

1. e4 d6 2. d4 Nf6 3. Nc3 Nbd7 4. Nf3 e5 5. Bc4 Be7 6. h3 h6 7. Be3 c6 8. a4 Qc7 9. Bb3 Nf8 10. Qd3 Be6 11. d5 Bd7 12. a5 g5 13. Qc4 c5 14. h4 g4 15. Nd2 Ng6 16. h5 Nf8 17. Ba4 Rc8 18. Bb5 a6 19. Bxd7+ N8xd7 20. Qa4 Kf8 21. Ke2 Kg7 22. Nc4 Rb8 23. f4 gxf3+ 24. gxf3 Kh7 25. Nd2 Rhg8 26. Rh2 Rg7 27. b3 Rbg8 28. Kd3 Rg2 29. Rh3 R2g3 30. Rah1 Rxh3 31. Rxh3 Bd8 32. Nc4 Be7 33. Ne2 Qc8 34. Rh2 Rg7 35. Qa1 Qg8 36. Qf1 Qd8 37. Qh3 Ng8 38. Ng3 b5 39. axb6 Nxb6 40. Nf5 Nxc4 41. bxc4 Rg5 42. Bxg5 Bxg5 43. Rg2 a5 44. Qh1 a4 45. Qa1 Qd7 46. Rg4 Nf6 47. Rxg5 hxg5 48. Qg1 g4 49. fxg4 a3 50. Qc1 Nxg4 51. Qg5 f6 52. Qxg4 a2 53. Qg6+ Kh8 54. Qxf6+ Kg8 55. Qg6+ Kh8 56. Qf6+ Kh7 57. Qh6+ Kg8 58. Qg5+ Kh7 59. Qc1 Qa7 60. Qh6+ Kg8 61. Qe6+ Kh7 62. Ne7 Qa3+ 63. Ke2 Qg3 64. Qf5+ Kg7 65. Qf1 Qh2+ 66. Kd3 Qg3+ 67. Ke2 Qg4+ 68. Kd3 Qg3+ 69. Ke2 1/2-1/2

[Event "Skalica op"]
[Site "Skalica"]
[Date "2020.01.11"]
[Round "3"]
[White "Hudacek, Josef"]
[Black "Vrana, Frantisek"]
[Result "0-1"]
[WhiteElo "2099"]
[BlackElo "2239"]
[PlyCount "132"]
[EventDate "2020.01.11"]
[EventType "swiss"]
[EventRounds "9"]
[EventCountry "SVK"]
[SourceTitle "CBM 194 Extra"]
[Source "ChessBase"]
[SourceDate "2020.03.31"]
[SourceVersion "1"]
[SourceVersionDate "2020.03.31"]
[SourceQuality "1"]

1. e4 e6 2. d3 d5 3. Nd2 c5 4. g3 Nf6 5. Bg2 Nc6 6. Ne2 Be7 7. 0-0 b5 8. a3 a5 9. h3 Ba6 10. f4 b4 11. e5 Nd7 12. axb4 axb4 13. b3 0-0 14. Bb2 f6 15. Nf3 fxe5 16. Bxe5 Bf6 17. Bxf6 Qxf6 18. Qd2 Bb5 19. Rxa8 Rxa8 20. c4 bxc3 21. Nxc3 Nd4 22. Nxb5 Nxb5 23. Re1 Ra3 24. Ng5 Nd4 25. Qe3 Nf8 26. Rc1 h6 27. Nf3 Nd7 28. Nxd4 cxd4 29. Rc8+ Kh7 30. Qe2 Rxb3 31. Rc7 Nf8 32. Rc6 Rc3 33. Bxd5 Rxc6 34. Bxc6 Kh8 35. Kg2 e5 36. Qf3 exf4 37. gxf4 Ng6 38. Qe4 Nxf4+ 39. Kh2 Ne6 40. Qg2 Qe5+ 41. Kh1 Qe1+ 42. Qg1 Qxg1+ 43. Kxg1 Nf4 44. Bd7 Nxd3 45. Kf1 Ne5 46. Bc8 g5 47. Ke2 Kg7 48. Kf2 h5 49. Bf5 Kf6 50. Be4 h4 51. Bc2 Ke6 52. Be4 Kd6 53. Bf5 Kd5 54. Ke2 Kc4 55. Kd2 Kd5 56. Ke2 Kc5 57. Be6 Kb4 58. Kd2 Ka3 59. Bf5 Kb2 60. Bc8 Kb3 61. Be6+ Kb4 62. Bc8 Kc5 63. Be6 g4 64. hxg4 h3 65. Bc8 h2 66. Bb7 Nc6 0-1

[Event "Skalica op"]
[Site "Skalica"]
[Date "2020.01.11"]
[Round "4"]
[White "Kapolka, Juraj"]
[Black "Hudacek, Josef"]
[Result "1-0"]
[WhiteElo "1802"]
[BlackElo "2099"]
[PlyCount "29"]
[EventDate "2020.01.11"]
[EventType "swiss"]
[EventRounds "9"]
[EventCountry "SVK"]
[SourceTitle "CBM 194 Extra"]
[Source "ChessBase"]
[SourceDate "2020.03.31"]
[SourceVersion "1"]
[SourceVersionDate "2020.03.31"]
[SourceQuality "1"]

1. e4 d6 2. f4 Nf6 3. Nc3 e5 4. Nf3 Nbd7 5. Bc4 h6 6. d4 exd4 7. Nxd4 Nc5 8. 0-0 Be7 9. e5 Nfe4 10. e6 Nxc3 11. Qh5 0-0 12. exf7+ Kh8 13. f5 Bf6 14. Bxh6 Bxd4+ 15. Be3# 1-0

[Event "SVK-chT2A 1819"]
[Site "Slovakia"]
[Date "2019.04.06"]
[Round "10.5"]
[White "Veselsky, Jozef"]
[Black "Hudacek, Josef"]
[Result "0-1"]
[WhiteElo "2150"]
[BlackElo "2093"]
[PlyCount "166"]
[EventDate "2018.10.13"]
[EventType "team-tourn"]
[EventRounds "11"]
[EventCountry "SVK"]
[SourceTitle "EXT 2020"]
[Source "ChessBase"]
[SourceDate "2019.10.17"]
[SourceVersion "1"]
[SourceVersionDate "2019.10.17"]
[SourceQuality "1"]
[WhiteTeam "Trnava Lokomotiva"]
[BlackTeam "Skalica"]
[WhiteTeamCountry "SVK"]
[BlackTeamCountry "SVK"]

1. d4 Nf6 2. Nf3 g6 3. c4 Bg7 4. Nc3 d5 5. Bg5 Ne4 6. Bf4 Nxc3 7. bxc3 0-0 8. e3 c6 9. Be2 Nd7 10. 0-0 dxc4 11. Bxc4 Nb6 12. Qb3 Nxc4 13. Qxc4 Be6 14. Qc5 Bd5 15. Nd2 e5 16. Bg3 b6 17. Qa3 exd4 18. cxd4 c5 19. Rad1 cxd4 20. exd4 Bxd4 21. Nb1 Bc5 22. Qb2 Qg5 23. Rfe1 Rfe8 24. Qb5 Rxe1+ 25. Rxe1 Be6 26. Kh1 Qd5 27. Qb2 Bd4 28. Qd2 Bf6 29. Qf4 Bg5 30. Qc7 Qa5 31. f4 Bf6 32. h3 Qxa2 33. Nc3 Bxc3 34. Qxc3 Qb3 35. Qxb3 Bxb3 36. f5 gxf5 37. Re7 Bd5 38. Bf2 Kg7 39. Kg1 Kf6 40. Bh4+ Kg6 41. Bf2 Be6 42. Be3 Kf6 43. Rc7 Ke5 44. g3 Kd6 45. Bf4+ Kd5 46. Be3 Ke4 47. Bf2 f4 48. gxf4 Kxf4 49. h4 Kf3 50. Rc3+ Kg4 51. Ra3 Bd5 52. Ra4+ Kf5 53. Kf1 Ke6 54. Ke2 f5 55. Ke3 a6 56. Kf4 b5 57. Ra1 a5 58. Bb6 a4 59. Bc5 Rc8 60. Bd4 Rc4 61. Ke3 f4+ 62. Kd3 f3 63. Re1+ Kd6 64. Re8 Bf7 65. Re1 Bg6+ 66. Ke3 Kd5 67. Rd1 Rc2 68. Bg7+ Kc6 69. Rd8 b4 70. Kxf3 b3 71. Rb8 Rh2 72. Bf6 Kc5 73. Ke3 Kc4 74. Rc8+ Kd5 75. h5 Rxh5 76. Ra8 Rh2 77. Ra5+ Ke6 78. Ra6+ Kf5 79. Bc3 b2 80. Rb6 a3 81. Rb3 Kg4 82. Rb4+ Kg5 83. Be5 Rh3+ 0-1

[Event "CZE-chT2E 1819"]
[Site "Czech Republic"]
[Date "2019.02.10"]
[Round "8.5"]
[White "Hudacek, Josef"]
[Black "Svancara, Petr"]
[Result "1-0"]
[WhiteElo "2067"]
[BlackElo "2145"]
[PlyCount "59"]
[EventDate "2018.10.14"]
[EventType "team-tourn"]
[EventRounds "11"]
[EventCountry "CZE"]
[SourceTitle "EXT 2022"]
[Source "ChessBase"]
[SourceDate "2021.10.06"]
[SourceVersion "1"]
[SourceVersionDate "2021.10.06"]
[SourceQuality "1"]
[WhiteTeam "Prusanky Podluzan"]
[BlackTeam "Grygov"]
[WhiteTeamCountry "CZE"]
[BlackTeamCountry "CZE"]

1. e4 Nf6 2. Nc3 e5 3. Bc4 Nc6 4. Nf3 Bc5 5. d3 d6 6. h3 Be6 7. Bb3 Nd4 8. Nxd4 Bxd4 9. Ne2 Bb6 10. Be3 c6 11. Qd2 Bxb3 12. axb3 Bxe3 13. Qxe3 a6 14. 0-0 0-0 15. f4 Nd7 16. Qg3 Qe7 17. Rf2 Rfe8 18. Raf1 f6 19. Qh4 Rad8 20. Ng3 Nf8 21. Nf5 Qc7 22. fxe5 dxe5 23. Qg4 Kh8 24. h4 Ne6 25. h5 Rd7 26. h6 gxh6 27. Nxh6 Nf4 28. Qh4 Qd8 29. g3 Rg7 30. Kh2 1-0

[Event "Vlcnov Oharka Memorial"]
[Site "Vlcnov"]
[Date "2018.12.26"]
[Round "3"]
[White "Holemar, David"]
[Black "Hudacek, Josef"]
[Result "1-0"]
[WhiteElo "2287"]
[BlackElo "2058"]
[PlyCount "86"]
[EventDate "2018.12.26"]
[EventType "swiss"]
[EventRounds "9"]
[EventCountry "CZE"]
[SourceTitle "CBM 188 Extra"]
[Source "ChessBase"]
[SourceDate "2019.02.26"]
[SourceVersion "1"]
[SourceVersionDate "2019.02.26"]
[SourceQuality "1"]

1. d4 Nf6 2. c4 g6 3. Nc3 d5 4. e3 Bg7 5. Qb3 dxc4 6. Bxc4 0-0 7. Nf3 e6 8. 0-0 c6 9. Rd1 Nbd7 10. e4 b5 11. Be2 Bb7 12. Bg5 Qb6 13. e5 Nd5 14. Nxd5 exd5 15. a4 a6 16. a5 Qc7 17. Rdc1 Qb8 18. Qe3 Re8 19. Bh6 Bh8 20. b4 Nf6 21. h3 Ne4 22. Bd3 Nd6 23. Qg5 Nc4 24. Qh4 Qd8 25. Bg5 Qd7 26. Re1 Bg7 27. Bf6 h6 28. Nh2 Re6 29. Ng4 h5 30. Bxg7 Kxg7 31. Nf6 Qd8 32. Re2 Bc8 33. Qg5 Qh8 34. f4 Qh6 35. Qg3 Re7 36. h4 Kh8 37. Rf1 Raa7 38. f5 Rac7 39. fxg6 fxg6 40. Qxg6 Qxg6 41. Bxg6 Rg7 42. Bxh5 Bh3 43. Rf3 Be6 1-0

[Event "SVK-chT2A 1819"]
[Site "Slovakia"]
[Date "2018.12.16"]
[Round "6.2"]
[White "Hudacek, Josef"]
[Black "Matejovic, Juraj"]
[Result "1-0"]
[WhiteElo "2080"]
[BlackElo "2235"]
[PlyCount "87"]
[EventDate "2018.10.13"]
[EventType "team-tourn"]
[EventRounds "11"]
[EventCountry "SVK"]
[SourceTitle "CBM 189 Extra"]
[Source "ChessBase"]
[SourceDate "2019.06.03"]
[SourceVersion "1"]
[SourceVersionDate "2019.06.03"]
[SourceQuality "1"]
[WhiteTeam "Skalica"]
[BlackTeam "Gbely Nafta"]
[WhiteTeamCountry "SVK"]
[BlackTeamCountry "SVK"]

1. e4 c5 2. Ne2 e6 3. d3 Nc6 4. g3 d5 5. Nd2 Nf6 6. Bg2 Be7 7. 0-0 Qc7 8. h3 Bd7 9. Nc3 d4 10. Nb5 Qc8 11. f4 a6 12. Na3 b5 13. e5 Nd5 14. Qg4 Qc7 15. Qxg7 0-0-0 16. Qxf7 Rdf8 17. Qh5 Ne3 18. Rf2 Rhg8 19. Ne4 Nxg2 20. Rxg2 Be8 21. Qe2 Nb4 22. c3 dxc3 23. bxc3 Nd5 24. c4 Nc3 25. Nxc3 b4 26. Ne4 bxa3 27. Bxa3 Bc6 28. Kh1 Qa5 29. Bc1 Rd8 30. Rb1 Kc7 31. Rb3 Rb8 32. Ra3 Qb4 33. Rxa6 Qb7 34. Ra3 Rgd8 35. Bd2 Kd7 36. Ba5 Rf8 37. Bc3 h5 38. Qxh5 Rh8 39. Qf7 Kd8 40. Qxe6 Bd7 41. Ba5+ Kc8 42. Qxe7 Rxh3+ 43. Kg1 Qb1+ 44. Kf2 1-0

[Event "CZE-chT2E 1819"]
[Site "Czech Republic"]
[Date "2018.12.02"]
[Round "4.5"]
[White "Hudacek, Josef"]
[Black "Zadrapa, Radek"]
[Result "1/2-1/2"]
[WhiteElo "2067"]
[BlackElo "2010"]
[PlyCount "94"]
[EventDate "2018.10.14"]
[EventType "team-tourn"]
[EventRounds "11"]
[EventCountry "CZE"]
[SourceTitle "EXT 2022"]
[Source "ChessBase"]
[SourceDate "2021.10.06"]
[SourceVersion "1"]
[SourceVersionDate "2021.10.06"]
[SourceQuality "1"]
[WhiteTeam "Prusanky Podluzan"]
[BlackTeam "Vsetin"]
[WhiteTeamCountry "CZE"]
[BlackTeamCountry "CZE"]

1. e4 c5 2. Ne2 d6 3. g3 g6 4. Bg2 Bg7 5. 0-0 Nc6 6. c3 e5 7. d3 Nge7 8. Nd2 0-0 9. f4 Rb8 10. a4 a6 11. h3 Bd7 12. g4 exf4 13. Nxf4 b5 14. Nf3 Ne5 15. axb5 axb5 16. Kh1 b4 17. c4 Ra8 18. Rxa8 Qxa8 19. Nd5 Nxd5 20. exd5 Qa2 21. Ng5 Ba4 22. Qe2 Qb3 23. Be4 Qc2 24. Qxc2 Bxc2 25. d4 Bxe4+ 26. Nxe4 Nxc4 27. dxc5 dxc5 28. b3 Nb6 29. d6 Bd4 30. Bh6 Ra8 31. Ng5 Ra1 32. Kg2 Rxf1 33. Kxf1 Bg7 34. Bxg7 Kxg7 35. Ne4 Nd7 36. g5 h6 37. h4 hxg5 38. hxg5 c4 39. bxc4 b3 40. Ke2 b2 41. Nd2 f6 42. gxf6+ Kxf6 43. Kd3 Ke5 44. Kc3 Kxd6 45. Kxb2 Ke5 46. Kc3 Kf4 47. Kd4 g5 1/2-1/2

[Event "CZE-chT2E 1819"]
[Site "Czech Republic"]
[Date "2018.11.04"]
[Round "2.6"]
[White "Skalka, Jan"]
[Black "Hudacek, Josef"]
[Result "1-0"]
[WhiteElo "1917"]
[BlackElo "2067"]
[PlyCount "85"]
[EventDate "2018.10.14"]
[EventType "team-tourn"]
[EventRounds "11"]
[EventCountry "CZE"]
[SourceTitle "EXT 2022"]
[Source "ChessBase"]
[SourceDate "2021.10.06"]
[SourceVersion "1"]
[SourceVersionDate "2021.10.06"]
[SourceQuality "1"]
[WhiteTeam "Veseli nad Moravou"]
[BlackTeam "Prusanky Podluzan"]
[WhiteTeamCountry "CZE"]
[BlackTeamCountry "CZE"]

1. e4 b6 2. d4 Bb7 3. Bd3 e6 4. Nf3 Nf6 5. Bg5 h6 6. Bxf6 Qxf6 7. 0-0 c5 8. c3 Na6 9. a3 Nc7 10. Nbd2 g6 11. Nc4 Be7 12. Nce5 b5 13. dxc5 Bc6 14. Nxc6 dxc6 15. e5 Qg7 16. a4 0-0 17. Be4 Bxc5 18. b4 Rfd8 19. Qe2 Bf8 20. Bxc6 Rab8 21. axb5 Nd5 22. Bxd5 Rxd5 23. c4 Rd7 24. c5 Rc7 25. Nd4 Rd7 26. Nc6 Rbb7 27. Rxa7 Rxa7 28. Nxa7 Rxa7 29. b6 Rb7 30. Qa6 Rb8 31. c6 Qxe5 32. c7 Bd6 33. cxb8Q+ Bxb8 34. g3 h5 35. Qc4 Qd6 36. Qc5 Qd8 37. Ra1 Kh7 38. b7 h4 39. Qc4 hxg3 40. hxg3 Qb6 41. Qh4+ Kg7 42. Rd1 Ba7 43. Qd4+ 1-0

[Event "SVK-chT3A2 1718"]
[Site "Slovakia"]
[Date "2018.03.04"]
[Round "10.1"]
[White "Kubis, Ivan"]
[Black "Hudacek, Josef"]
[Result "1/2-1/2"]
[WhiteElo "1897"]
[BlackElo "2041"]
[PlyCount "147"]
[EventDate "2017.10.08"]
[EventType "team-tourn"]
[EventRounds "11"]
[EventCountry "SVK"]
[SourceTitle "EXT 2020"]
[Source "ChessBase"]
[SourceDate "2019.10.17"]
[SourceVersion "1"]
[SourceVersionDate "2019.10.17"]
[SourceQuality "1"]
[WhiteTeam "Gbely Nafta II"]
[BlackTeam "Skalica"]
[WhiteTeamCountry "SVK"]
[BlackTeamCountry "SVK"]

1. e4 b6 2. d4 Bb7 3. Bd3 e6 4. Ne2 Nf6 5. Ng3 c5 6. c3 Be7 7. 0-0 Ba6 8. Bxa6 Nxa6 9. e5 Ng8 10. f4 f5 11. Be3 Nc7 12. c4 d5 13. b3 cxd4 14. Bxd4 dxc4 15. bxc4 Qxd4+ 16. Qxd4 Bc5 17. Qxc5 bxc5 18. Nc3 Ne7 19. Rab1 Nc6 20. Rb7 0-0-0 21. Rfb1 Rd4 22. Rxc7+ Kxc7 23. Nb5+ Kc8 24. Nxd4 Nxd4 25. Kf2 Kc7 26. Rb2 Rd8 27. h3 g6 28. Ke3 a6 29. Kf2 Nc6 30. Ne2 Nb4 31. Kg3 Rd3+ 32. Kh4 h6 33. g4 Nc6 34. gxf5 exf5 35. Rb3 Rd2 36. Nc3 Ne7 37. Ra3 Rd4 38. Rxa6 Rxf4+ 39. Kg3 Rxc4 40. Nb5+ Kd7 41. e6+ Kd8 42. Ra8+ Nc8 43. Rxc8+ Kxc8 44. Nd6+ Kd8 45. Nxc4 Ke7 46. a4 Kxe6 47. a5 Kd5 48. Kf4 Kc6 49. h4 Kb5 50. Ke5 Ka6 51. h5 gxh5 52. Kxf5 Kb5 53. Kf4 Ka6 54. Kg3 Kb5 55. Kh4 Kxc4 56. a6 Kd3 57. a7 c4 58. a8Q c3 59. Qd5+ Kc2 60. Qa2+ Kd3 61. Kg3 c2 62. Qb3+ Kd2 63. Qb2 h4+ 64. Kxh4 h5 65. Kg3 h4+ 66. Kxh4 Kd1 67. Qb3 Kd2 68. Qb2 Kd1 69. Qd4+ Kc1 70. Kg3 Kb1 71. Qb4+ Ka1 72. Qc3+ Kb1 73. Qb3+ Ka1 74. Qxc2 1/2-1/2

[Event "SVK-chT3A2 1718"]
[Site "Slovakia"]
[Date "2018.01.07"]
[Round "7.1"]
[White "Hudacek, Josef"]
[Black "Palka, Miroslav"]
[Result "1-0"]
[WhiteElo "2041"]
[BlackElo "1920"]
[PlyCount "67"]
[EventDate "2017.10.08"]
[EventType "team-tourn"]
[EventRounds "11"]
[EventCountry "SVK"]
[SourceTitle "EXT 2020"]
[Source "ChessBase"]
[SourceDate "2019.10.17"]
[SourceVersion "1"]
[SourceVersionDate "2019.10.17"]
[SourceQuality "1"]
[WhiteTeam "Skalica"]
[BlackTeam "Senica SK"]
[WhiteTeamCountry "SVK"]
[BlackTeamCountry "SVK"]

1. e4 c5 2. Ne2 Nc6 3. g3 g6 4. Bg2 Bg7 5. d3 d6 6. 0-0 Be6 7. h3 Nf6 8. c3 0-0 9. Nd2 Bd7 10. f4 e5 11. f5 Ne7 12. g4 h6 13. Nf3 Nh7 14. Be3 g5 15. Qd2 Bc6 16. c4 Be8 17. h4 f6 18. Kf2 Nc6 19. Rh1 Rf7 20. Rh2 Nf8 21. Rah1 Rb8 22. hxg5 hxg5 23. Ng3 Rd7 24. Nh5 Bxh5 25. Rxh5 Qa5 26. Bxg5 Qxd2+ 27. Bxd2 b5 28. b3 bxc4 29. dxc4 a5 30. g5 a4 31. gxf6 Bxf6 32. Bg5 Bxg5 33. Nxg5 Nd4 34. f6 1-0

[Event "SVK-chT3A2 1718"]
[Site "Slovakia"]
[Date "2017.12.03"]
[Round "5.1"]
[White "Hudacek, Josef"]
[Black "Podjavorinsky, Michal"]
[Result "1-0"]
[WhiteElo "2041"]
[BlackElo "1868"]
[PlyCount "143"]
[EventDate "2017.10.08"]
[EventType "team-tourn"]
[EventRounds "11"]
[EventCountry "SVK"]
[SourceTitle "EXT 2020"]
[Source "ChessBase"]
[SourceDate "2019.10.17"]
[SourceVersion "1"]
[SourceVersionDate "2019.10.17"]
[SourceQuality "1"]
[WhiteTeam "Skalica"]
[BlackTeam "Vrbove"]
[WhiteTeamCountry "SVK"]
[BlackTeamCountry "SVK"]

1. e4 d5 2. exd5 Qxd5 3. d4 c6 4. c4 Qa5+ 5. Nc3 Bf5 6. Nf3 e6 7. Be2 Nf6 8. 0-0 Be7 9. a3 0-0 10. Nh4 Bg6 11. Nxg6 hxg6 12. Be3 Nbd7 13. b4 Qc7 14. Rc1 Nb6 15. Qb3 Rfd8 16. Rfd1 Rac8 17. a4 Qb8 18. Bf3 e5 19. dxe5 Qxe5 20. a5 Nbd7 21. Bxa7 Bf8 22. Na4 Qe7 23. Nc5 Nxc5 24. Bxc5 Qe5 25. Re1 Qf5 26. Bxf8 Kxf8 27. Qc2 Qf4 28. Rcd1 Rxd1 29. Rxd1 Re8 30. h3 g5 31. a6 bxa6 32. Bxc6 Rb8 33. b5 axb5 34. cxb5 Qc7 35. Qc5+ Qe7 36. Qxg5 Qe2 37. Qd2 Qe7 38. Re1 Qc7 39. Qb4+ Kg8 40. Qc5 Rb7 41. Ra1 Qc8 42. Qd6 Rb8 43. Ra7 Ne8 44. Qe7 Qe6 45. Qxe6 fxe6 46. Rd7 Kf8 47. Kf1 Nf6 48. Ra7 Nd5 49. Rb7 Rxb7 50. Bxb7 Nc3 51. b6 Na4 52. Bc8 Nxb6 53. Bxe6 Ke7 54. Bb3 Kf6 55. Ke2 Nd7 56. Ke3 Ke5 57. f4+ Kf6 58. h4 Kf5 59. g4+ Kf6 60. Kd4 g6 61. Kd5 Kg7 62. g5 Nb8 63. Bc4 Nd7 64. Bb5 Nb6+ 65. Kc6 Nc8 66. Kd7 Nb6+ 67. Ke6 Nc8 68. Be2 Nb6 69. h5 gxh5 70. Bxh5 Na4 71. f5 Nc5+ 72. Ke7 1-0

[Event "CZE-chT2E 1617"]
[Site "Czech Republic"]
[Date "2017.04.02"]
[Round "11.7"]
[White "Micanek, Tomas"]
[Black "Hudacek, Josef"]
[Result "1/2-1/2"]
[WhiteElo "2062"]
[BlackElo "2037"]
[PlyCount "61"]
[EventDate "2016.09.10"]
[EventType "team-tourn"]
[EventRounds "11"]
[EventCountry "CZE"]
[SourceTitle "EXT 2022"]
[Source "ChessBase"]
[SourceDate "2021.10.06"]
[SourceVersion "1"]
[SourceVersionDate "2021.10.06"]
[SourceQuality "1"]
[WhiteTeam "Brno Duras II"]
[BlackTeam "Prusanky Podluzan"]
[WhiteTeamCountry "CZE"]
[BlackTeamCountry "CZE"]

1. e4 b6 2. d4 Bb7 3. Nc3 e6 4. Bd3 Bb4 5. Qg4 g6 6. Bg5 Be7 7. Nf3 d6 8. 0-0-0 Nd7 9. h4 a6 10. e5 h5 11. Qf4 Bxf3 12. Bxe7 Nxe7 13. Qxf3 d5 14. Ne2 b5 15. g4 hxg4 16. Qxg4 c5 17. c3 Qa5 18. h5 gxh5 19. Rxh5 0-0-0 20. Rxh8 Rxh8 21. Qg7 Rf8 22. dxc5 Nc6 23. a3 Ncxe5 24. Nd4 Qc7 25. b4 Nxd3+ 26. Rxd3 Qe5 27. Qh6 Rh8 28. Qe3 Rh1+ 29. Kd2 Qh5 30. Qf3 Qh6+ 31. Qe3 1/2-1/2

[Event "SVK-chT2A 1617"]
[Site "Slovakia"]
[Date "2017.02.11"]
[Round "8.4"]
[White "Koloditsova, Renata"]
[Black "Hudacek, Josef"]
[Result "1-0"]
[WhiteElo "1943"]
[BlackElo "2056"]
[PlyCount "81"]
[EventDate "2016.10.08"]
[EventType "team-tourn"]
[EventRounds "11"]
[EventCountry "SVK"]
[SourceTitle "EXT 2018"]
[Source "ChessBase"]
[SourceDate "2017.10.13"]
[SourceVersion "1"]
[SourceVersionDate "2017.10.13"]
[SourceQuality "1"]
[WhiteTeam "Senec"]
[BlackTeam "Skalica"]
[WhiteTeamCountry "SVK"]
[BlackTeamCountry "SVK"]

1. c4 Nf6 2. Nc3 g6 3. e4 d6 4. d4 Nbd7 5. Bg5 Bg7 6. Be2 c5 7. d5 a6 8. a4 b6 9. Qd2 h6 10. Be3 Nf8 11. f3 Rb8 12. g4 Bd7 13. h4 h5 14. g5 Ng8 15. f4 Qc7 16. Nf3 e6 17. e5 dxe5 18. fxe5 Qb7 19. Ne4 Qc7 20. Nd6+ Ke7 21. Nf5+ Kd8 22. Nxg7 Rh7 23. d6 Qb7 24. 0-0 Rxg7 25. a5 Bc6 26. axb6 Nd7 27. Qc3 Qxb6 28. Ra5 Qxb2 29. Bd2 Rb3 30. Qxb2 Rxb2 31. Rd1 Bxf3 32. Bxf3 Nxe5 33. Be2 Rc2 34. Rxa6 Nxc4 35. Bxc4 Rxc4 36. Ba5+ Kd7 37. Ra7+ Kc6 38. d7 Rg4+ 39. Kf2 f5 40. Rc7+ Kb5 41. d8Q 1-0

[Event "SVK-chT2A 1617"]
[Site "Slovakia"]
[Date "2017.01.21"]
[Round "7.4"]
[White "Hudacek, Josef"]
[Black "Hecko, Dusan"]
[Result "0-1"]
[WhiteElo "2056"]
[BlackElo "2068"]
[PlyCount "102"]
[EventDate "2016.10.08"]
[EventType "team-tourn"]
[EventRounds "11"]
[EventCountry "SVK"]
[SourceTitle "EXT 2018"]
[Source "ChessBase"]
[SourceDate "2017.10.13"]
[SourceVersion "1"]
[SourceVersionDate "2017.10.13"]
[SourceQuality "1"]
[WhiteTeam "Skalica"]
[BlackTeam "Osuske II"]
[WhiteTeamCountry "SVK"]
[BlackTeamCountry "SVK"]

1. e4 c6 2. d4 d5 3. f3 Nf6 4. Nc3 g6 5. Nge2 Bg7 6. g3 e6 7. Bg2 b6 8. 0-0 Ba6 9. Re1 Nbd7 10. Bg5 h6 11. Be3 Rc8 12. Qd2 Bxe2 13. Rxe2 dxe4 14. Nxe4 Qe7 15. c4 Kf8 16. Rae1 Kg8 17. Bh3 Kh7 18. Bf4 Nxe4 19. fxe4 Rhd8 20. b3 e5 21. Be3 exd4 22. Bxd4 Ne5 23. Qe3 Ng4 24. Bxg4 Bxd4 25. Qxd4 Rxd4 26. Bxc8 Qd8 27. Bg4 h5 28. Bf3 Rd1 29. Rxd1 Qxd1+ 30. Kg2 Kg7 31. e5 Qd7 32. h3 Qe6 33. Re4 Kh6 34. h4 a5 35. Rf4 Kg7 36. Re4 Qe7 37. Re2 Qd7 38. Kf2 a4 39. bxa4 Qd4+ 40. Kg2 Qxc4 41. Rb2 Qxa4 42. Rxb6 Qxa2+ 43. Kh3 Qf2 44. Rb3 c5 45. g4 hxg4+ 46. Bxg4 Qf1+ 47. Kh2 Qf4+ 48. Kh3 Qxe5 49. Rg3 c4 50. Bd1 Qe1 51. Bc2 f5 0-1